Autotest (Record no. 11678)

MARC details
000 -LEADER
campo de control de longitud fija 00634nam a22002175i 4500
001 - NÚMERO DE CONTROL
campo de control 11678
003 - IDENTIFICADOR DE NÚMERO DE CONTROL
campo de control ES-MaACL
005 - FECHA Y HORA DE LA ÚLTIMA TRANSACCIÓN
campo de control 20230906150142.0
007 - CAMPO FIJO DE DESCRIPCIÓN FÍSICA--INFORMACIÓN GENERAL
campo de control de longitud fija t|
008 - DATOS DE LONGITUD FIJA--INFORMACIÓN GENERAL
campo de control de longitud fija 950216s1994 sp ||||0| spa j
020 ## - NÚMERO INTERNACIONAL ESTÁNDAR DEL LIBRO
Número Internacional Estándar del Libro 84-7982-048-9
040 ## - FUENTE DE CATALOGACIÓN
Centro catalogador/agencia de origen M-BN
Lengua de catalogación spa
Centro/agencia transcriptor M-BN
080 ## - NÚMERO DE LA CLASIFICACIÓN DECIMAL UNIVERSAL
Número de la Clasificación Decimal Universal 616.9(076.3)
100 1# - ENTRADA PRINCIPAL--NOMBRE DE PERSONA
Nombre de persona García de la Torre, M.
9 (RLIN) 54455
245 10 - MENCIÓN DEL TÍTULO
Título Autotest
Resto del título : patología infecciosa /
Mención de responsabilidad, etc. M. García de la Torre.
250 ## - MENCION DE EDICION
Mención de edición 2ª ed.
260 ## - PUBLICACIÓN, DISTRIBUCIÓN, ETC.
Lugar de publicación, distribución, etc. Madrid :
Nombre del editor, distribuidor, etc. IDEPSA,
Fecha de publicación, distribución, etc. D.L. 1994.
300 ## - DESCRIPCIÓN FÍSICA
Extensión 209 p ;
Dimensiones 27 cm.
650 14 - PUNTO DE ACCESO ADICIONAL DE MATERIA--TÉRMINO DE MATERIA
Término de materia o nombre geográfico como elemento de entrada Enfermedades infecciosas-
Subdivisión de forma Preguntas y respuestas.
9 (RLIN) 12262
852 ## - LOCALIZACIÓN
Ubicación ES-MaACL
Número de control de estantería L-19085
Sublocalización o colección R.124502
Holdings
Estatus retirado Estado de pérdida Estado de daño No para préstamo Biblioteca de origen Biblioteca actual Ubicación en estantería Fecha de adquisición Fuente de adquisición Total de préstamos Signatura topográfica completa Código de barras Visto por última vez Precio de reemplazo Tipo de ítem Koha
        Biblioteca del Ateneo de Madrid Biblioteca del Ateneo de Madrid Depósito 2 17/01/2008     L-19085 1011902 23/02/2023 23/02/2023 Libro impreso